| Tag |
First Indicator |
Second Indicator |
Subfields |
| LEADER |
00000cam a2200000 i 4500 |
| 001 |
in00004635156 |
| 006 |
m o d |
| 007 |
cr cnu---unuuu |
| 008 |
171218s1989 ncu ob 000 0 eng d |
| 005 |
20230103223413.2 |
| 035 |
|
|
|a (OCoLC)on1015680514
|
| 040 |
|
|
|a JSTOR
|b eng
|e rda
|e pn
|c JSTOR
|d LOA
|d LND
|d ICG
|d U3W
|d ERL
|d TXR
|d CNTRU
|d VXI
|d OCLCQ
|d OCLCO
|
| 020 |
|
|
|a 9781469642383
|q (electronic bk.)
|
| 020 |
|
|
|a 1469642387
|q (electronic bk.)
|
| 020 |
|
|
|z 0913239607
|
| 020 |
|
|
|z 9780913239605
|
| 035 |
|
|
|a (OCoLC)1015680514
|
| 037 |
|
|
|a 22573/ctt1xjs4bj
|b JSTOR
|
| 043 |
|
|
|a n-us---
|
| 050 |
|
4 |
|a PS88
|b .M45 1989eb
|
| 082 |
0 |
4 |
|a 810.9
|2 23
|
| 049 |
|
|
|a TXAM
|
| 100 |
1 |
|
|a Miller, Jim Wayne,
|e author.
|
| 245 |
1 |
4 |
|a The examined life :
|b family-community-work in American literature /
|c by Jim Wayne Miller, institute presenter ; Karen Lohr, editor and project coordinator.
|
| 264 |
|
1 |
|a [Boone, NC?] :
|b Appalachian Consortium Press,
|c [1989]
|
| 300 |
|
|
|a 1 online resource
|
| 336 |
|
|
|a text
|b txt
|2 rdacontent
|
| 337 |
|
|
|a computer
|b c
|2 rdamedia
|
| 338 |
|
|
|a online resource
|b cr
|2 rdacarrier
|
| 504 |
|
|
|a Includes bibliographical references.
|
| 505 |
0 |
|
|a Introduction / Jim Wayne Miller -- Family -- "The oldest unit in the world" : the family in American life and literature / Jim Wayne Miller -- Participant reflections : family -- The theme of family in Hamlet and The sound and the fury / Barbara Benson -- A family in crisis : a unit of study of James Agee's A death in the family / Patricia B. Chastain -- Bringing characters to life / Stan Coss -- Community -- "Members of each other" : community in American life and literature / Jim Wayne Miller -- Participant reflections : community -- Explore cultural values in your own community through literature / Jo Buckner -- Community in Nathaniel Hawthorne's work / Sherrie Hartsoe -- Work -- "A busy multitude" : work in American life and literature -- Participant reflections : work -- Out of work / Louis H. Palmer III -- Bibliography of supplemental works -- Further readings -- Critical readings of American thought.
|
| 588 |
0 |
|
|a Print version record.
|
| 650 |
|
0 |
|a American literature
|x History and criticism.
|
| 651 |
|
0 |
|a United States
|x Civilization.
|
| 651 |
|
6 |
|a États-Unis
|x Civilisation.
|
| 650 |
|
7 |
|a American literature.
|2 fast
|0 (OCoLC)fst00807113
|
| 650 |
|
7 |
|a Civilization.
|2 fast
|0 (OCoLC)fst00862898
|
| 651 |
|
7 |
|a United States.
|2 fast
|0 (OCoLC)fst01204155
|
| 655 |
|
7 |
|a Electronic books.
|2 local
|
| 655 |
|
7 |
|a Criticism, interpretation, etc.
|2 fast
|0 (OCoLC)fst01411635
|
| 700 |
1 |
|
|a Lohr, Karen,
|e editor.
|
| 710 |
2 |
|
|a JSTOR (Organization)
|
| 776 |
0 |
8 |
|i Print version:
|a Miller, Jim Wayne.
|t Examined life.
|d [Boone, NC?] : Appalachian Consortium Press, ©1989
|z 0913239607
|w (DLC) 90223319
|w (OCoLC)22891063
|
| 856 |
4 |
0 |
|u https://www.jstor.org/stable/10.2307/j.ctt1xp3mfj
|z Connect to the full text of this electronic book
|t 0
|
| 955 |
|
|
|a JSTOR Open Access ebooks
|
| 994 |
|
|
|a 92
|b TXA
|
| 999 |
f |
f |
|s eabf4e4d-04c2-4236-99d7-cb3553ba4a02
|i f6bccc48-e38d-4806-b833-f2872fcfa46e
|t 0
|
| 952 |
f |
f |
|a Texas A&M University
|b College Station
|c Electronic Resources
|d Available Online
|t 0
|e PS88 .M45 1989eb
|h Library of Congress classification
|
| 998 |
f |
f |
|a PS88 .M45 1989eb
|t 0
|l Available Online
|